<?xml version="1.0" encoding="UTF-8"?>
<record
    xmlns:xsi="http://www.w3.org/2001/XMLSchema-instance"
    xsi:schemaLocation="http://www.loc.gov/MARC21/slim http://www.loc.gov/standards/marcxml/schema/MARC21slim.xsd"
    xmlns="http://www.loc.gov/MARC21/slim">

  <leader>01112nam a22001817a 4500</leader>
  <controlfield tag="005">20260216133026.0</controlfield>
  <controlfield tag="008">131219t        ag ||||| |||| 00| 0 spa  d</controlfield>
  <datafield tag="020" ind1=" " ind2=" ">
    <subfield code="a">9505086180</subfield>
  </datafield>
  <datafield tag="050" ind1="0" ind2="4">
    <subfield code="a">RA1151</subfield>
    <subfield code="b">A24 2003</subfield>
  </datafield>
  <datafield tag="100" ind1="1" ind2=" ">
    <subfield code="a">Ach&#xE1;val, Alfredo</subfield>
  </datafield>
  <datafield tag="245" ind1="1" ind2="0">
    <subfield code="a">Psiquiatr&#xED;a medicolegal y forense </subfield>
    <subfield code="c"> / Alfredo Ach&#xE1;val</subfield>
  </datafield>
  <datafield tag="250" ind1=" " ind2=" ">
    <subfield code="a">1a ed.</subfield>
  </datafield>
  <datafield tag="260" ind1=" " ind2=" ">
    <subfield code="a">Argentina :</subfield>
    <subfield code="b">Astrea,</subfield>
    <subfield code="c">2003</subfield>
  </datafield>
  <datafield tag="300" ind1=" " ind2=" ">
    <subfield code="a">2 v. ;</subfield>
    <subfield code="c">23 cm.</subfield>
  </datafield>
  <datafield tag="505" ind1="0" ind2=" ">
    <subfield code="t">T.1 Examen psiqui&#xE1;trico,  Consentimiento informado, Personalidad esquizofrenia, Estr&#xE9;s, Traumatismos, Psicosis man&#xED;aco-depresiva paranoia, Epilepsia, Deficiencia o retardo mental, Envejecimiento neurosis, S&#xED;ndrome demencial. Conducta sexual, Familia inimputabilidad, Capacidad, Inhabilitaci&#xF3;n civil --</subfield>
    <subfield code="t">T.2 Alcoholismo, Drogadependencia, Enfermedades profesionales, accidentes de trabajo, Ejercicio profesional, Internaci&#xF3;n, Responsabilidad m&#xE9;dica civil y penal, Derechos del paciente, Suicidio, Eutanasia, Secreto profesional, Certificado m&#xE9;dico pericias, Iformes, Toma de rehenes, Sida.</subfield>
  </datafield>
  <datafield tag="650" ind1=" " ind2="7">
    <subfield code="2">lemb</subfield>
    <subfield code="a">Psiquiatr&#xED;a forense</subfield>
    <subfield code="x">Aspectos legales</subfield>
    <subfield code="z">Argentina</subfield>
  </datafield>
  <datafield tag="942" ind1=" " ind2=" ">
    <subfield code="2">lcc</subfield>
    <subfield code="c">LIB</subfield>
  </datafield>
  <datafield tag="999" ind1=" " ind2=" ">
    <subfield code="c">47198</subfield>
    <subfield code="d">47198</subfield>
  </datafield>
  <datafield tag="952" ind1=" " ind2=" ">
    <subfield code="1">0</subfield>
    <subfield code="2">lcc</subfield>
    <subfield code="4">0</subfield>
    <subfield code="7">0</subfield>
    <subfield code="a">LIC-002</subfield>
    <subfield code="b">LIC-002</subfield>
    <subfield code="c">GENERAL</subfield>
    <subfield code="d">2013-12-19</subfield>
    <subfield code="f">1a ed.</subfield>
    <subfield code="h">T:1</subfield>
    <subfield code="k">CSA</subfield>
    <subfield code="l">1</subfield>
    <subfield code="o">RA1151 A24 2003 </subfield>
    <subfield code="p">BFD000004241</subfield>
    <subfield code="r">2024-11-28 17:54:00</subfield>
    <subfield code="s">2024-11-26</subfield>
    <subfield code="t">1 </subfield>
    <subfield code="v">1.00</subfield>
    <subfield code="y">LIB</subfield>
  </datafield>
  <datafield tag="952" ind1=" " ind2=" ">
    <subfield code="1">0</subfield>
    <subfield code="2">lcc</subfield>
    <subfield code="4">0</subfield>
    <subfield code="7">0</subfield>
    <subfield code="a">LIC-002</subfield>
    <subfield code="b">LIC-002</subfield>
    <subfield code="c">GENERAL</subfield>
    <subfield code="d">2013-12-19</subfield>
    <subfield code="f">1a ed.</subfield>
    <subfield code="h">T:2</subfield>
    <subfield code="k">CSA</subfield>
    <subfield code="l">3</subfield>
    <subfield code="m">1</subfield>
    <subfield code="o">RA1151 A24 2003 </subfield>
    <subfield code="p">BFD000004242</subfield>
    <subfield code="r">2024-11-28 19:46:00</subfield>
    <subfield code="s">2024-11-28</subfield>
    <subfield code="t">1 </subfield>
    <subfield code="v">1.00</subfield>
    <subfield code="y">LIB</subfield>
  </datafield>
  <datafield tag="952" ind1=" " ind2=" ">
    <subfield code="1">0</subfield>
    <subfield code="2">lcc</subfield>
    <subfield code="4">0</subfield>
    <subfield code="7">0</subfield>
    <subfield code="a">LIC-002</subfield>
    <subfield code="b">LIC-002</subfield>
    <subfield code="c">GENERAL</subfield>
    <subfield code="d">2013-12-19</subfield>
    <subfield code="e">Donaci&#xF3;n</subfield>
    <subfield code="f">1a ed.</subfield>
    <subfield code="h">T:2</subfield>
    <subfield code="k">CSA</subfield>
    <subfield code="o">RA1151 A24 2003 </subfield>
    <subfield code="p">BFD000004243</subfield>
    <subfield code="r">2013-12-19 00:00:00</subfield>
    <subfield code="t">2 </subfield>
    <subfield code="v">1.00</subfield>
    <subfield code="y">LIB</subfield>
  </datafield>
</record>
